000 01144nam0a22002891 4500
001 rc\4761387
005 20260407164256.0
021 _aRU
_b[65-37092]
035 _a(NLR Aleph) 009017130
090 _a9404806
_c9404806
100 _a20130417d1965 |||y0rusy50 ca
101 1 _arus
_cest
102 _aRU
105 _aa z |||||
200 1 _aТаллинский машиностроительный завод. 1865-1965
_eРабочий шагает сквозь годы столетия
_e[Пер. с эст.]
210 _aТаллин
_cЭэсти раамат
_d1965
215 _a148 с.
_cил.
_d21
300 _aНа обл. авт. не указан
320 _aБиблиогр.: с. 140-146
606 _aМашиностроительные заводы
_yТаллин
_xИстория
_2psbo
700 1 _aМайер
_bЭ.К.
_gЭдмунд Карлович
712 0 2 _aТаллинский машиностроительный завод им. И. Лауристина
_9707396
_3RU\NLR\AUTH\8810103410
801 0 _aRU
_bNLR
_gpsbo
801 1 _aRU
_bELAR
_2rusmarc
852 _aNLR
_j65-5/2418
942 _cBOOK
980 _aNB